|
|
|
|
| LEADER |
00000cam a2200000 7i4500 |
| 001 |
0000000107 |
| 005 |
20040225.0 |
| 090 |
0 |
0 |
|a JPSM634.909595
|b DAS 1992
|
| 245 |
0 |
0 |
|a DASAR Perhutanan Negara 1978 (pindaan 1992) .
|l National Forestry Policy 1978 (Revised 1992)
|f Diluluskan oleh Majlis Tanah Negara pada 19 November 1992 (approved by the National Land Council on the 19th November 1992)
|
| 260 |
0 |
0 |
|a Kuala Lumpur :
|b Jabatan Perhutanan ,
|c 1978, 1992
|
| 300 |
|
|
|a 20 p. ;
|c 21 cm.
|
| 650 |
0 |
0 |
|a Forest management
|z Malaysia
|
| 650 |
0 |
0 |
|a Forests and forestry
|
| 651 |
0 |
0 |
|a Malaysia
|x Forest policy
|
| 710 |
1 |
1 |
|a Malaysia ,
|c Jabatan Perhutanan Semenanjung Malaysia
|
| 745 |
0 |
0 |
|a National Forestry Policy (Revised 1992)
|
| 998 |
|
|
|a JPSM
|
| 999 |
|
|
|a 0000001317
|b Monograph
|c Reference
|e Default branch
|
| 999 |
|
|
|a 0000001876
|b Monograph
|c Open Shelf
|e Default branch
|
| 999 |
|
|
|a 0000001877
|b Monograph
|c Open Shelf
|e Default branch
|
| 999 |
|
|
|a 0000003369
|b Monograph
|c Open Shelf
|e Default branch
|
| 999 |
|
|
|a 0000003370
|b Monograph
|c Reference
|e Default branch
|